Food And Hygiene

Bibliographic Details
Format: Book
Published: London : Gloucester Press , 1990
Series:Let's talk about
Subjects:

MARC

LEADER 00000cam a2200000 7i4500
001 0000007791
002 000008361
005 20000330.0
020 |a 0749601574 
090 0 0 |a J 361   |b LET 
245 1 0 |a Food And Hygiene 
260 |a London :   |b Gloucester Press ,   |c 1990 
300 |a 32 p. :   |b ill. ;   |c 22 cm. 
490 0 |a Let's talk about 
650 0 0 |a Food hygiene   |x Juvenile literature 
999 |a 026820   |b BUKU   |c PINJAMAN   |e PERPUSTAKAAN KOMUNITI PETALING JAYA